Memorial de cosas notables, compuesto por Don Ynigo Lopez de Mendoça, Duque quarto del Infantado
Gorde:
| Egile nagusia: | |
|---|---|
| Formatua: | Liburua |
| Hizkuntza: | gaztelania |
| Argitaratua: |
Guadalajara
Pedro de Robles y Francisco de Cormellas
1564
|
| Edizioa: | 1a. ed |
| Gaiak: | |
| Sarrera elektronikoa: | portada |
| Etiketak: |
Etiketa erantsi
Etiketarik gabe, Izan zaitez lehena erregistro honi etiketa jartzen!
|
MARC
| LEADER | 00000nam a2200000 a 4500 | ||
|---|---|---|---|
| 001 | UCJ6718 | ||
| 003 | CL-VaPUC | ||
| 005 | 20240927091503.0 | ||
| 008 | 070124e15640916MX |||||||||||||||||spa|d | ||
| 999 | |c 322820 |d 322818 | ||
| 040 | |c Pontificia Universidad Católica de Valparaíso | ||
| 082 | 0 | 4 | |a 090 |b LOP |2 21 |
| 100 | |a López de Mendoza, Iñigo |e autor |9 515212 | ||
| 245 | 1 | 0 | |a Memorial de cosas notables, compuesto por Don Ynigo Lopez de Mendoça, Duque quarto del Infantado |
| 250 | |a 1a. ed | ||
| 260 | |a Guadalajara |b Pedro de Robles y Francisco de Cormellas |c 1564 | ||
| 300 | |a 485 p | ||
| 500 | |a Folio.- Pasta española.- 2 h. prels.- Port. y capitales orladas.- v. en b.- Privilegio Real.- Colofón | ||
| 583 | |a last modification |c 20070124 00:00:00 |k Rodrigo Vera | ||
| 600 | 0 | 7 | |a AMIANO MARCELINO |2 CL-VaPUC |9 513936 |
| 600 | 0 | 7 | |a PLUTARCO |2 CL-VaPUC |9 319084 |
| 600 | 0 | 7 | |a SABELICO, MARCO ANTONIO |2 CL-VaPUC |9 513937 |
| 600 | 0 | 7 | |a CORNELIO TACITO |2 CL-VaPUC |9 513938 |
| 600 | 0 | |a Cornelio Nepote, |c Cayo, |d ca. 99 A.C.- ca. 24 A.C. |9 513939 | |
| 600 | 0 | 7 | |a Diógenes Laercio |d 180-240 |9 859838 |
| 600 | 0 | 7 | |a LUCIO ANNEO FLORO |2 CL-VaPUC |9 513940 |
| 600 | 0 | |a Horacio |9 267078 | |
| 600 | 0 | 7 | |a ESTACIO |2 CL-VaPUC |9 513941 |
| 600 | 0 | 7 | |a POMPONIO MELA |2 CL-VaPUC |9 510969 |
| 600 | 0 | 7 | |a CARENZO, NICOLAZ |2 CL-VaPUC |9 513942 |
| 650 | 0 | |a Historia universal |9 266877 | |
| 650 | 0 | |a Historiografía |9 257871 | |
| 650 | 0 | |a Cronología |9 268356 | |
| 650 | 0 | |a Historiadores |9 314498 | |
| 650 | 7 | |a EX LIBRIS |2 CL-VaPUC |9 505186 | |
| 650 | 7 | |a LIBRO RARO |2 CL-VaPUC |9 504169 | |
| 650 | 7 | |a DESCRIPCION BIBLIOFILICA |2 CL-VaPUC |9 504580 | |
| 852 | |a BIBCUR | ||
| 856 | 7 | |f UCJ6718_01.jpg |u http://opac.pucv.cl/pucv_img/Img-6500/UCJ6718_01.jpg |q JEPG |2 file |z portada | |
| 942 | |c BK |2 ddc | ||
| 945 | |d 20070124 00:00:00 |a rinostro | ||
| 952 | |0 0 |1 0 |4 0 |6 090_000000000000000_LOP_1564 |7 0 |8 X |9 401917 |a FDOBUD |b FDOBUD |d 2019-11-22 |i 1051709 |o 090 LOP 1564 |p 1051709 |r 2019-11-22 |w 2019-11-22 |y BK_X |k BUD | ||